000 00669nam a2200253Ia 4500
003 OSt
005 20220918174804.0
006 a|||||r|||| 00| 0
007 ta
008 220917b |||||||| |||| 00| 0 eng d
024 _a14,157
037 _cTextual
040 _aARTS
_cARTS
_beng
041 _2eng
_aeng
082 _aN8.2a, J2 (BB)
100 _aDanielou Alain
_951447
245 0 _aCatalogue of recorded classical and traditional Indian Music
260 _c1952
300 _a235p
_ccm.
490 _aArchives of recorded music
650 _aARTS
942 _hN8.2a, J2 (BB)
_cTEXL
_2CC
999 _c154714
_d154714